[Event "Tyrgu_Mures"]
[Site "?"]
[Date "1992.??.??"]
[Round "?"]
[White "Navrotescu , Catalin"]
[Black "Kholmov, Ratmir D"]
[Result "*"]
[WhiteElo "2470"]
[BlackElo "2485"]
[PlyCount "40"]
[EventDate "1992.??.??"]

{55/(43)} 1. Nf3 Nf6 2. c4 e6 3. g3 b6 4. Bg2 Bb7 5. O-O c5 6. Nc3 Be7 7. Re1
Ne4 8. Nxe4 Bxe4 9. d3 Bxf3 $5 {N} (9... Bb7) 10. Bxf3 Nc6 11. Qa4 (11. e3 Bf6
$1) 11... Qc7 12. Bf4 Bd6 13. Bxd6 Qxd6 14. a3 Rc8 15. b4 O-O (15... cxb4 $2
16. Bxc6 Qxc6 17. axb4 $16) 16. Rab1 (16. Bxc6 Qxc6 17. Qxa7 Ra8 18. b5 Rxa7
19. bxc6 dxc6 20. Reb1 Rb8 21. Rb3 Kf8 22. Rab1 Rab7 $1 (22... Ra6 $2 23. a4 $1
$16) 23. a4 Ke7 24. a5 b5 25. a6 (25. cxb5 Rxb5 $1 $10) 25... Rb6 26. a7 (26.
cxb5 Kd6 $1 27. a7 Ra8 $10) 26... Ra8 27. cxb5 Rxa7 $1 $10) 16... Rc7 17. Rb2
$6 (17. Bg2 $10 {Kholmov,R}) 17... Qe5 $5 18. Rbb1 Nd4 19. bxc5 (19. Bg2 $6
Nxe2+ $1 20. Kf1 Nc3 21. Qc2 Qd4 22. Rb3 cxb4 23. Rxb4 Rfc8 24. Rc1 (24. Rb3
Na4) 24... Nd5 25. cxd5 Rxc2 26. Rxc2 Qa1+ $19) 19... Nxf3+ 20. exf3 Qxc5 $15 *

[Event "Buzias"]
[Site "?"]
[Date "1991.??.??"]
[Round "?"]
[White "Marin , Mihail"]
[Black "Navrotescu , Catalin"]
[Result "1-0"]
[WhiteElo "2525"]
[BlackElo "2370"]
[Annotator "Marin,M"]
[PlyCount "59"]
[EventDate "1991.??.??"]

{53/461} 1. d4 Nf6 2. c4 g6 3. Nc3 d5 4. cxd5 Nxd5 5. e4 Nxc3 6. bxc3 Bg7 7.
Bc4 O-O 8. Ne2 Nc6 9. Be3 e5 10. O-O {N} (10. Rc1 {- 49/(543)}) 10... Na5 11.
Bd3 b6 (11... exd4 12. cxd4 c5 13. d5 $1 Bxa1 14. Qxa1 $14 {/\ 15. Bc5, 15. Bh6
}) 12. Rc1 (12. Qd2 exd4 13. cxd4 c5) 12... Bb7 13. Qd2 (13. f4 {- 53/(461)})
13... Qd7 (13... Qd6 $5 {Ghinda,M}) 14. Bh6 (14. d5 $6 f5 $15) 14... c5 (14...
f5 $6 15. exf5 e4 16. Bc2 gxf5 17. Bxg7 Qxg7 18. Nf4 $16 {/\} Nc4 $6 19. Bb3)
15. Bxg7 Kxg7 16. f4 $5 (16. d5 f5 17. f4 {- 16. f4}) 16... f5 $1 $8 (16...
exd4 17. cxd4 cxd4 18. f5 f6 19. Nf4 {/\ Rc7->}) 17. d5 $1 $8 (17. fxe5 fxe4
$17) (17. exf5 e4 $17) 17... fxe4 18. Bxe4 Nc4 19. Qd3 Nd6 (19... Nb2 $2 20.
Qg3 Bxd5 $2 21. Rcd1) 20. c4 b5 (20... exf4 $2 21. Nxf4 $18) (20... Qe7 21. f5
$16) (20... Rae8 21. fxe5 Rxe5 22. Rxf8 Kxf8 23. Rf1+ Kg7 (23... Kg8 24. Bxg6)
24. Qc3 Qe7 25. Bd3 {/\ Nf4-e6+/-}) 21. cxb5 c4 22. Qe3 Qxb5 23. Rb1 (23. Nc3
Qb6 $15) 23... Qe8 (23... Qd7 $6 24. Bf3 $1 e4 (24... exf4 25. Nxf4 $16) 25.
Bxe4 Nxe4 (25... Rfe8 26. Qd4+ $16) 26. Qxe4 Bxd5 (26... Qxd5 $4 27. Rxb7+ $18)
27. Qd4+ Kg8 28. Rfd1 Rad8 29. Nc3 Be6 30. Qe5 {/\ Ne4|^}) 24. Nc3 exf4 $2 (
24... Rxf4 $1 $8 25. Rxf4 exf4 26. Qd4+ (26. Qxf4 Qe7 27. Rxb7 $2 Nxb7 28. d6
Nxd6 $1 29. Bxa8 Qe1+) 26... Kh6 $1 (26... Kg8 27. Rxb7 $1 Nxb7 28. d6 {
/\ Bd5+-}) 27. Rf1 Qh8 $1 $10) 25. Qd4+ (25. Rxf4 Qe5 $15) 25... Kg8 (25... Kh6
26. Rf3 $18) 26. Rxb7 $1 $18 Nxb7 27. d6 Rf7 28. Bd5 Rd8 29. Ne4 Rxd6 30. Bxf7+
1-0

[Event "Biel op"]
[Site "?"]
[Date "1990.??.??"]
[Round "1"]
[White "Navrotescu , Catalin"]
[Black "Szabo, Z."]
[Result "1-0"]
[WhiteElo "2380"]
[BlackElo "2205"]
[PlyCount "61"]
[EventDate "1990.??.??"]

1. d4 Nf6 2. c4 c5 3. d5 b5 4. cxb5 e6 5. Nc3 exd5 6. Nxd5 Bb7 7. e4 a6 8. bxa6
Nxa6 9. Bc4 Bd6 10. Bg5 Be5 11. Nf3 Bxb2 12. O-O Nb4 13. Rb1 Bxd5 14. Bxd5
Nbxd5 15. Rxb2 h6 16. exd5 hxg5 17. Re1+ Kf8 18. Nxg5 Rb8 19. Rxb8 Qxb8 20. g3
Rh6 21. Qf3 Qb4 22. Qe3 c4 23. Qe5 Kg8 24. h4 Qf8 25. Rb1 d6 26. Qd4 Nh7 27.
Qxc4 Qd8 28. Nxh7 Kxh7 29. Qe4+ Kg8 30. Rb7 Rf6 31. Qb1 1-0

[Event "Biel op"]
[Site "?"]
[Date "1990.??.??"]
[Round "2"]
[White "Smagin, Sergey"]
[Black "Navrotescu , Catalin"]
[Result "1/2-1/2"]
[WhiteElo "2550"]
[BlackElo "2380"]
[PlyCount "124"]
[EventDate "1990.??.??"]

1. e4 e5 2. Nf3 Nc6 3. Bb5 Nf6 4. O-O Bc5 5. c3 O-O 6. d4 Bb6 7. Re1 d6 8. h3
Ne7 9. Nbd2 c6 10. Bf1 Ng6 11. Nc4 Bc7 12. dxe5 dxe5 13. Qc2 h6 14. Be3 Nh7 15.
Bc5 Re8 16. Rad1 Qf6 17. Bd6 Bxd6 18. Rxd6 Be6 19. Red1 Ng5 20. Nxg5 Qxg5 21.
g3 h5 22. Qd2 Qxd2 23. R1xd2 h4 24. a4 Rac8 25. a5 Rc7 26. Kg2 Bxc4 27. Bxc4
Kf8 28. R2d3 hxg3 29. fxg3 f6 30. Kf3 Ke7 31. Re6+ Kf8 32. Red6 Ke7 33. h4 Nf8
34. Kg4 g6 35. Rd2 Rb8 36. h5 gxh5+ 37. Kf5 Rd7 38. Rxd7+ Nxd7 39. Rh2 Rh8 40.
b4 Nf8 41. Rh4 Rh7 42. g4 hxg4 43. Rxh7+ Nxh7 44. Kxg4 Ng5 45. Bd3 Nf7 46. Kf3
Nd6 47. Ke3 Ke6 48. Be2 b6 49. axb6 axb6 50. Bg4+ Kf7 51. Bd7 c5 52. bxc5 bxc5
53. Kf3 Kg6 54. Kg4 Kf7 55. Bc6 Ke6 56. Kf3 Nc8 57. Bb5 Nd6 58. Bc6 Nf7 59. Kg4
Ng5 60. Bb7 Ke7 61. Bc6 Ne6 62. Bb5 Nf4 1/2-1/2

[Event "Biel op"]
[Site "?"]
[Date "1990.??.??"]
[Round "3"]
[White "Navrotescu , Catalin"]
[Black "Kindermann, S."]
[Result "0-1"]
[WhiteElo "2380"]
[BlackElo "2530"]
[PlyCount "62"]
[EventDate "1990.??.??"]

1. d4 Nf6 2. c4 g6 3. Nc3 d5 4. Nf3 Bg7 5. cxd5 Nxd5 6. e4 Nxc3 7. bxc3 c5 8.
Rb1 O-O 9. Qd2 Nc6 10. d5 Ne5 11. Nxe5 Bxe5 12. Be2 Bg7 13. O-O b6 14. f4 e6
15. c4 Bd4+ 16. Kh1 Re8 17. Bb2 Bxb2 18. Rxb2 exd5 19. exd5 Bf5 20. a4 Qf6 21.
a5 Re4 22. axb6 axb6 23. h3 Rae8 24. Rf2 Qd6 25. Rb3 h5 26. Kg1 h4 27. Qb2 Qe7
28. Bd3 Re1+ 29. Kh2 Bxd3 30. Rxd3 Qe4 31. Qd2 {d} Ra8 0-1

[Event "Biel op"]
[Site "?"]
[Date "1990.??.??"]
[Round "5"]
[White "Navrotescu , Catalin"]
[Black "Luetke, J."]
[Result "1-0"]
[WhiteElo "2380"]
[BlackElo "2295"]
[PlyCount "85"]
[EventDate "1990.??.??"]

1. d4 e6 2. c4 f5 3. g3 Nf6 4. Bg2 d5 5. Nh3 c6 6. O-O Bd6 7. b3 Qe7 8. Bf4
Bxf4 9. Nxf4 dxc4 10. bxc4 e5 11. dxe5 Qxe5 12. Nd2 O-O 13. Qc2 Na6 14. Rad1
Nc5 15. Nb3 Nfe4 16. Nd3 Qe7 17. f3 Nxb3 18. axb3 Nc5 19. e4 fxe4 20. fxe4 Bg4
21. Rde1 Nxd3 22. Qxd3 Qe5 23. Qe3 c5 24. h3 Be6 25. Rxf8+ Rxf8 26. Rd1 b6 27.
Qd3 Kf7 28. Rf1+ Ke7 29. Rxf8 Kxf8 30. Qd8+ Kf7 31. Kh2 h5 32. h4 Bg4 33. Qa8
g5 34. hxg5 h4 35. Qd5+ Qxd5 36. exd5 hxg3+ 37. Kxg3 Bd1 38. d6 Bxb3 39. Bd5+
Ke8 40. g6 Bc2 41. g7 Bh7 42. Kf4 Kd7 43. Kg5 1-0

[Event "Biel op"]
[Site "?"]
[Date "1990.??.??"]
[Round "6"]
[White "Kurajica, B."]
[Black "Navrotescu , Catalin"]
[Result "1-0"]
[WhiteElo "2480"]
[BlackElo "2380"]
[PlyCount "67"]
[EventDate "1990.??.??"]

1. d4 Nf6 2. g3 g6 3. Bg2 Bg7 4. e4 O-O 5. Ne2 d5 6. e5 Ne8 7. Nf4 c6 8. h4 Nc7
9. h5 Ne6 10. hxg6 fxg6 11. Ne2 Na6 12. Nbc3 Nac7 13. Be3 Rf7 14. Qd2 a5 15. f4
b6 16. g4 Nf8 17. Bh3 e6 18. O-O-O Rb8 19. Rdf1 c5 20. f5 exf5 21. gxf5 Bxf5
22. Bxf5 Rxf5 23. Rxf5 gxf5 24. Bh6 Nce6 25. Bxg7 Kxg7 26. dxc5 d4 27. Nb5 bxc5
28. Nd6 f4 29. Qd3 f3 30. Qxf3 Qg5+ 31. Kb1 Qxe5 32. Rg1+ Ng6 33. Qf7+ Kh8 34.
Qxg6 1-0

[Event "Biel op"]
[Site "?"]
[Date "1990.??.??"]
[Round "9"]
[White "Navrotescu , Catalin"]
[Black "Sznapik, Aleksander"]
[Result "1/2-1/2"]
[WhiteElo "2380"]
[BlackElo "2455"]
[PlyCount "53"]
[EventDate "1990.??.??"]

1. d4 Nf6 2. c4 c5 3. d5 b5 4. cxb5 a6 5. b6 g6 6. Nc3 Bg7 7. e4 d6 8. a4 a5 9.
Bb5+ Nfd7 10. Bf4 O-O 11. Nge2 Nxb6 12. Qd2 Ba6 13. O-O Bxb5 14. axb5 N8d7 15.
Ra2 Qc7 16. Bh6 Rfe8 17. Bxg7 Kxg7 18. Re1 Ra7 19. h3 Na8 20. Nc1 Nab6 21. N1e2
Raa8 22. Na4 Nxa4 23. Rxa4 Qb6 24. Nc3 Nf6 25. Qe3 Nd7 26. Qd2 Qb8 27. Ra2
1/2-1/2

[Event "Biel op"]
[Site "?"]
[Date "1990.??.??"]
[Round "10"]
[White "Mestrovic, Zvonimir"]
[Black "Navrotescu , Catalin"]
[Result "1/2-1/2"]
[WhiteElo "2470"]
[BlackElo "2380"]
[PlyCount "154"]
[EventDate "1990.??.??"]

1. Nc3 d5 2. e4 e6 3. Nf3 Nf6 4. e5 Nfd7 5. g3 c5 6. Bg2 Nc6 7. Qe2 Be7 8. O-O
g5 9. h3 h5 10. d3 g4 11. hxg4 hxg4 12. Nh2 Nd4 13. Qxg4 Nxe5 14. Qd1 Bd7 15.
Re1 Ng6 16. Ne2 Nxe2+ 17. Qxe2 Qc7 18. c4 dxc4 19. dxc4 O-O-O 20. a3 Bf6 21.
Rb1 Bc6 22. Bxc6 Qxc6 23. Qf3 Ne5 24. Qxc6+ bxc6 25. Be3 Rh5 26. Rec1 Rdh8 27.
Nf1 Nd3 28. Rd1 Nxb2 29. Rdc1 Nd3 30. Rd1 Rd8 31. Kg2 Ne5 32. Nd2 Ng4 33. Bf4
e5 34. Be3 Rh2+ 35. Kf3 Nxe3 36. Kxe3 Bg5+ 37. Ke2 Bxd2 38. Rxd2 Rxd2+ 39. Kxd2
Rxf2+ 40. Ke3 Rg2 41. Kf3 Rb2 42. Ke4 Re2+ 43. Kf3 Rc2 44. Ke4 f6 45. Kf5 Rf2+
46. Ke6 Kc7 47. a4 e4 48. Re1 f5 49. a5 Rf3 50. a6 e3 51. Ke5 Rxg3 52. Kxf5 Kb6
53. Kf4 Rh3 54. Ke4 Rh4+ 55. Kd3 Rd4+ 56. Kxe3 Rxc4 57. Kd3 Ra4 58. Rc1 Rd4+
59. Kc3 Kxa6 60. Rh1 Kb6 61. Rh8 Rg4 62. Rb8+ Kc7 63. Rh8 Kb7 64. Rf8 a5 65.
Rh8 c4 66. Rh5 Kb6 67. Rf5 a4 68. Kb4 Rd4 69. Rf8 a3 70. Kxa3 Kc5 71. Kb2 Rd2+
72. Kc3 Rd3+ 73. Kc2 Rh3 74. Rg8 c3 75. Rg4 Kb5 76. Rf4 c5 77. Rg4 Re3 1/2-1/2

[Event "Biel op"]
[Site "?"]
[Date "1990.??.??"]
[Round "11"]
[White "Navrotescu , Catalin"]
[Black "Vehi Bach, V."]
[Result "1/2-1/2"]
[WhiteElo "2380"]
[BlackElo "2400"]
[PlyCount "88"]
[EventDate "1990.??.??"]

1. d4 Nf6 2. c4 e6 3. Nc3 Bb4 4. Qc2 b6 5. e4 c5 6. a3 Bxc3+ 7. bxc3 Bb7 8. e5
Ng8 9. Nf3 Qc7 10. Bd3 h6 11. O-O Ne7 12. Qe2 Nbc6 13. Bb2 Na5 14. Nd2 d6 15.
exd6 Qxd6 16. Ne4 Bxe4 17. Qxe4 Rc8 18. Rac1 Ng6 19. d5 e5 20. f4 O-O 21. f5
Nf4 22. Bc2 b5 23. cxb5 c4 24. Rcd1 Rfd8 25. Kh1 Rc5 26. g3 Nh5 27. a4 Nf6 28.
Qe3 Qe7 29. d6 Rxd6 30. Rxd6 Qxd6 31. Ba3 Qd5+ 32. Kg1 Rc8 33. Rd1 Qb7 34. h3
Nb3 35. Kh2 a6 36. bxa6 Qxa6 37. Be7 Qxa4 38. Qxe5 Qa2 39. Qe2 Re8 40. Rd8 Rxd8
41. Bxd8 Qb2 42. Bxf6 gxf6 43. Bd3 Qxc3 44. Bxc4 Qd2 1/2-1/2

[Event "EU-chT (Men)"]
[Site "Haifa"]
[Date "1989.??.??"]
[Round "4"]
[White "Ninov, Kiril"]
[Black "Navrotescu , Catalin"]
[Result "1-0"]
[WhiteElo "2460"]
[BlackElo "2385"]
[PlyCount "54"]
[EventDate "1989.11.??"]
[EventType "team"]
[EventRounds "9"]
[EventCountry "ISR"]

1. Nf3 Nf6 2. g3 g6 3. Bg2 Bg7 4. c4 c6 5. O-O O-O 6. d4 d5 7. Qa4 dxc4 8. Qxc4
Na6 9. Nc3 Be6 10. Qa4 Nd5 11. Rd1 Qc8 12. Qc2 Rd8 13. Bg5 Kf8 14. Rac1 h6 15.
Bd2 Nb6 16. Qb1 Bg4 17. e3 Qe6 18. Be1 Nb4 19. Ne4 Na6 20. b4 Nd5 21. a4 g5 22.
b5 Nac7 23. Nc5 Qf6 24. Ne5 h5 25. Nxg4 hxg4 26. Nxb7 cxb5 27. Nxd8 Rxd8 1-0

[Event "EU-chT (Men)"]
[Site "Haifa"]
[Date "1989.??.??"]
[Round "8"]
[White "Navrotescu , Catalin"]
[Black "Plachetka, Jan"]
[Result "1/2-1/2"]
[WhiteElo "2385"]
[BlackElo "2430"]
[PlyCount "82"]
[EventDate "1989.11.??"]
[EventType "team"]
[EventRounds "9"]
[EventCountry "ISR"]

1. d4 Nf6 2. c4 c5 3. d5 b5 4. cxb5 a6 5. bxa6 g6 6. Nc3 Bxa6 7. Nf3 Bg7 8. Nd2
d6 9. e4 Bxf1 10. Nxf1 Qa5 11. Nd2 Qa6 12. Qe2 O-O 13. Nc4 Nbd7 14. Bd2 Rfb8
15. Rc1 Ne8 16. a3 Nc7 17. Rc2 Ne5 18. Nxe5 Bxe5 19. Qxa6 Rxa6 20. Kd1 f5 21.
Re1 fxe4 22. Rxe4 Kf7 23. Bg5 e6 24. dxe6+ Nxe6 25. Bc1 Nd4 26. Rd2 Nb3 27. Rd3
Nxc1 28. Kxc1 Rab6 29. Re2 Rb3 30. Rc2 Ke6 31. g3 g5 32. Re3 Kf5 33. h3 h5 34.
Rf3+ Ke6 35. Re2 Kd7 36. Rfe3 Kc6 37. Nd1 R3b7 38. Rf3 h4 39. gxh4 gxh4 40. Kb1
Bd4 41. Ka2 Be5 1/2-1/2

[Event "ROM Ch"]
[Site "Predeal"]
[Date "1988.??.??"]
[Round "3"]
[White "Navrotescu , Catalin"]
[Black "Ghinda, Mihail Viorel"]
[Result "1/2-1/2"]
[WhiteElo "2335"]
[BlackElo "2455"]
[PlyCount "31"]
[EventDate "1988.??.??"]

1. d4 Nf6 2. c4 g6 3. Nc3 d5 4. Nf3 Bg7 5. Bg5 Ne4 6. cxd5 Nxg5 7. Nxg5 e6 8.
Nf3 exd5 9. e3 a5 10. Bd3 O-O 11. O-O Re8 12. Qc2 c6 13. Rae1 Bg4 14. Nd2 Nd7
15. h3 Be6 16. f4 1/2-1/2

[Event "ROM Ch"]
[Site "Predeal"]
[Date "1988.??.??"]
[Round "5"]
[White "Navrotescu , Catalin"]
[Black "Marin , Mihail"]
[Result "1/2-1/2"]
[WhiteElo "2335"]
[BlackElo "2480"]
[PlyCount "24"]
[EventDate "1988.??.??"]

1. c4 e5 2. g3 d6 3. Bg2 g6 4. Nc3 Bg7 5. e3 f5 6. d4 Nd7 7. b3 Ngf6 8. dxe5
dxe5 9. Ba3 c6 10. Nge2 Kf7 11. O-O e4 12. Qc2 Qa5 1/2-1/2

[Event "ROM Ch"]
[Site "Predeal"]
[Date "1988.??.??"]
[Round "6"]
[White "Biriescu, Ioan"]
[Black "Navrotescu , Catalin"]
[Result "1/2-1/2"]
[WhiteElo "2370"]
[BlackElo "2335"]
[PlyCount "23"]
[EventDate "1988.??.??"]

1. e4 e6 2. d4 d5 3. exd5 exd5 4. Bd3 Bd6 5. Nf3 Nf6 6. O-O O-O 7. Bg5 Bg4 8.
Nbd2 Nbd7 9. c3 Bh5 10. Re1 c6 11. Qe2 Qc7 12. h3 1/2-1/2

[Event "ROM Ch"]
[Site "Predeal"]
[Date "1988.??.??"]
[Round "9"]
[White "Navrotescu , Catalin"]
[Black "Foisor, Ovidiu Doru"]
[Result "1/2-1/2"]
[WhiteElo "2335"]
[BlackElo "2475"]
[PlyCount "21"]
[EventDate "1988.??.??"]

1. d4 Nf6 2. c4 e6 3. Nf3 d5 4. Nc3 c5 5. e3 cxd4 6. exd4 Nc6 7. a3 Be7 8. Bd3
dxc4 9. Bxc4 O-O 10. O-O b6 11. Qd3 1/2-1/2

[Event "ROM Ch"]
[Site "Predeal"]
[Date "1988.??.??"]
[Round "16"]
[White "Navrotescu , Catalin"]
[Black "Pavlov, Mircea-Sergiu-Aurel"]
[Result "1/2-1/2"]
[WhiteElo "2335"]
[BlackElo "2390"]
[PlyCount "27"]
[EventDate "1988.??.??"]

1. d4 Nf6 2. c4 g6 3. Nc3 d5 4. Nf3 Bg7 5. cxd5 Nxd5 6. e4 Nxc3 7. bxc3 c5 8.
Rb1 O-O 9. Qd2 Nd7 10. Bd3 Qa5 11. O-O b6 12. Qe2 Bb7 13. Bd2 cxd4 14. cxd4
1/2-1/2

[Event "ROM-ch"]
[Site "Predeal"]
[Date "1988.??.??"]
[Round "1"]
[White "Navrotescu , Catalin"]
[Black "Negulescu, Adrian"]
[Result "0-1"]
[WhiteElo "2335"]
[BlackElo "2430"]
[PlyCount "74"]
[EventDate "1988.??.??"]
[EventType "tourn"]
[EventRounds "16"]
[EventCountry "ROM"]
[EventCategory "7"]
[Source "ChessBase"]
[SourceDate "1997.11.17"]

1. d4 Nf6 2. c4 c5 3. d5 g6 4. Nc3 Bg7 5. e4 d6 6. Nge2 O-O 7. Ng3 e6 8. Be2
exd5 9. cxd5 a6 10. a4 Nbd7 11. O-O Re8 12. Be3 h5 13. f3 Nf8 14. Qd2 N8h7 15.
Nh1 Bd7 16. Nf2 Qc7 17. Rfc1 Qa5 18. Qc2 Qd8 19. Qd2 Qe7 20. a5 Reb8 21. Na4
Bxa4 22. Rxa4 Nd7 23. b4 Rc8 24. bxc5 Nxc5 25. Rac4 Nf8 26. Qb4 Nfd7 27. Nd3
Bf8 28. f4 Nf6 29. Bxc5 dxc5 30. Qa4 Nxd5 31. Rxc5 Rxc5 32. Rxc5 Nxf4 33. Rc2
Nxe2+ 34. Rxe2 Rd8 35. Qc4 Qa3 36. Re3 Qxa5 37. Rf3 Qa1+ 0-1

[Event "ROM-ch"]
[Site "Predeal"]
[Date "1988.??.??"]
[Round "2"]
[White "Dumitrache, Dragos Nicolae"]
[Black "Navrotescu , Catalin"]
[Result "1/2-1/2"]
[WhiteElo "2405"]
[BlackElo "2335"]
[PlyCount "60"]
[EventDate "1988.??.??"]
[EventType "tourn"]
[EventRounds "16"]
[EventCountry "ROM"]
[EventCategory "7"]
[Source "ChessBase"]
[SourceDate "1997.11.17"]

1. d4 e6 2. c4 Bb4+ 3. Nc3 b6 4. e4 Bb7 5. Qc2 d5 6. cxd5 exd5 7. e5 c5 8. Nf3
Ne7 9. Bb5+ Nbc6 10. a3 Bxc3+ 11. Qxc3 c4 12. Ba4 O-O 13. Bg5 h6 14. Bxe7 Nxe7
15. Nh4 Bc8 16. Bc2 b5 17. O-O a5 18. f4 f5 19. exf6 Rxf6 20. Rae1 Ra7 21. Rf3
Be6 22. Bb1 Qb6 23. Rfe3 b4 24. Qd2 Ra6 25. f5 Nxf5 26. Rxe6 Rxe6 27. Rxe6 Qxe6
28. Bxf5 Qf6 29. Qe3 g5 30. Ng6 Qf7 1/2-1/2

[Event "ROM-ch"]
[Site "Predeal"]
[Date "1988.??.??"]
[Round "4"]
[White "Nicolaide, Valeriu"]
[Black "Navrotescu , Catalin"]
[Result "1/2-1/2"]
[WhiteElo "2355"]
[BlackElo "2335"]
[PlyCount "95"]
[EventDate "1988.??.??"]
[EventType "tourn"]
[EventRounds "16"]
[EventCountry "ROM"]
[EventCategory "7"]
[Source "ChessBase"]
[SourceDate "1997.11.17"]

1. Nf3 d5 2. d4 e6 3. c4 Nf6 4. Nc3 dxc4 5. Bg5 Bb4 6. g3 c5 7. Bg2 Nc6 8. dxc5
Qxd1+ 9. Rxd1 Nd5 10. Bd2 Nxc3 11. Bxc3 Bxc3+ 12. bxc3 Bd7 13. Nd2 Na5 14. Ne4
Ke7 15. Nd6 Bc6 16. Bxc6 Nxc6 17. Rb1 Na5 18. e4 b6 19. e5 bxc5 20. Ke2 Rab8
21. f4 f6 22. Ke3 Rhd8 23. Rhf1 Kd7 24. Ne4 fxe5 25. Nxc5+ Ke7 26. Rxb8 exf4+
27. Rxf4 Rxb8 28. Rg4 g6 29. Re4 Rb6 30. Rh4 h5 31. g4 Rb5 32. Ne4 Re5 33. gxh5
gxh5 34. Kf3 Kf7 35. Ng3 Kg6 36. Rd4 Rb5 37. h4 Rd5 38. Re4 Kf6 39. Rf4+ Kg6
40. Re4 Kf6 41. Rf4+ Ke7 42. Re4 Nc6 43. Kf4 Rc5 44. Re2 Kf7 45. Ne4 Rf5+ 46.
Ke3 Kg6 47. Rg2+ Kh6 48. Nd6 1/2-1/2

[Event "ROM-ch"]
[Site "Predeal"]
[Date "1988.??.??"]
[Round "8"]
[White "Stanciu, Adrian-Eugen"]
[Black "Navrotescu , Catalin"]
[Result "1-0"]
[WhiteElo "2310"]
[BlackElo "2335"]
[PlyCount "63"]
[EventDate "1988.??.??"]
[EventType "tourn"]
[EventRounds "16"]
[EventCountry "ROM"]
[EventCategory "7"]
[Source "ChessBase"]
[SourceDate "1997.11.17"]

1. e4 e6 2. d4 d5 3. e5 c5 4. c3 Nc6 5. Nf3 Nge7 6. Bd3 cxd4 7. cxd4 Nf5 8.
Bxf5 exf5 9. Nc3 Be6 10. h4 h6 11. Be3 Rc8 12. Rc1 Be7 13. g3 Kd7 14. Kf1 Kc7
15. Kg2 Kb8 16. Qd2 Na5 17. b3 b6 18. Ne1 Rg8 19. h5 Qd7 20. Nd3 Rc7 21. Na4
Rgc8 22. Nac5 bxc5 23. Qxa5 cxd4 24. Bxd4 Rxc1 25. Rxc1 Rxc1 26. Nxc1 f4 27.
Nd3 fxg3 28. fxg3 Bf5 29. e6 fxe6 30. Ne5 Qb7 31. Qa4 Bd6 32. Bxa7+ 1-0

[Event "ROM-ch"]
[Site "Predeal"]
[Date "1988.??.??"]
[Round "10"]
[White "Ionescu, Constantin"]
[Black "Navrotescu , Catalin"]
[Result "1/2-1/2"]
[WhiteElo "2465"]
[BlackElo "2335"]
[PlyCount "65"]
[EventDate "1988.??.??"]
[EventType "tourn"]
[EventRounds "16"]
[EventCountry "ROM"]
[EventCategory "7"]
[Source "ChessBase"]
[SourceDate "1997.11.17"]

1. d4 Nf6 2. c4 e6 3. Nf3 d5 4. Nc3 dxc4 5. e3 a6 6. a4 c5 7. Bxc4 Nc6 8. O-O
Be7 9. Qe2 cxd4 10. Rd1 Bd7 11. exd4 O-O 12. d5 exd5 13. Nxd5 Nxd5 14. Bxd5 Bf6
15. Ra3 Qa5 16. Qc4 Rac8 17. Bxf7+ Rxf7 18. Rxd7 Ne7 19. Qf1 Qb4 20. Rad3 Qxa4
21. Bg5 Ng6 22. Rxf7 Kxf7 23. Bxf6 gxf6 24. g3 Qg4 25. Qd1 Rc7 26. Rd6 Kg7 27.
Rd4 Qe6 28. Kg2 Re7 29. Qd3 Qc6 30. Kh3 Qe6+ 31. Kg2 Qc6 32. Kh3 Qe6+ 33. Kg2
1/2-1/2

[Event "ROM-ch"]
[Site "Predeal"]
[Date "1988.??.??"]
[Round "11"]
[White "Navrotescu , Catalin"]
[Black "Stefanov, Parik"]
[Result "1-0"]
[WhiteElo "2335"]
[BlackElo "2495"]
[PlyCount "61"]
[EventDate "1988.??.??"]
[EventType "tourn"]
[EventRounds "16"]
[EventCountry "ROM"]
[EventCategory "7"]
[Source "ChessBase"]
[SourceDate "1997.11.17"]

1. d4 Nf6 2. c4 e6 3. Nf3 c5 4. d5 exd5 5. cxd5 d6 6. Nc3 g6 7. Bg5 h6 8. Bh4
a6 9. a4 Nbd7 10. Nd2 g5 11. Bg3 Nh5 12. e3 Nxg3 13. hxg3 Rb8 14. Nc4 Qe7 15.
Qc2 b6 16. Ne4 Kd8 17. Nexd6 Nf6 18. Nxc8 Kxc8 19. d6 Qe4 20. Bd3 Qxg2 21.
O-O-O Kb7 22. Rhg1 Qh2 23. Be4+ Nxe4 24. Qxe4+ Ka7 25. Rh1 Qxf2 26. Rhf1 f5 27.
Rxf2 fxe4 28. Rf7+ Ka8 29. a5 Rd8 30. axb6 h5 31. Ne5 1-0

[Event "ROM-ch"]
[Site "Predeal"]
[Date "1988.??.??"]
[Round "12"]
[White "Armas, Iulius"]
[Black "Navrotescu , Catalin"]
[Result "1/2-1/2"]
[WhiteElo "2460"]
[BlackElo "2335"]
[PlyCount "120"]
[EventDate "1988.??.??"]
[EventType "tourn"]
[EventRounds "16"]
[EventCountry "ROM"]
[EventCategory "7"]
[Source "ChessBase"]
[SourceDate "1997.11.17"]

1. e4 e6 2. d4 d5 3. Nd2 Nf6 4. e5 Nfd7 5. c3 c5 6. Bd3 Nc6 7. Ne2 cxd4 8. cxd4
f6 9. exf6 Nxf6 10. Nf3 Bd6 11. O-O O-O 12. Bf4 Bxf4 13. Nxf4 Ne4 14. Ne2 Rxf3
15. gxf3 Ng5 16. f4 Nh3+ 17. Kh1 Qh4 18. Qe1 Nxf4 19. Nxf4 Qxf4 20. Qe3 Qxd4
21. Qxd4 Nxd4 22. f4 Bd7 23. Rad1 Nc6 24. Kg2 Kf7 25. Kg3 Kf6 26. h4 Be8 27.
Rd2 h6 28. a3 a5 29. Rg1 Rc8 30. Rdg2 Nd4 31. Kf2 Rc7 32. Bg6 Bb5 33. Bd3 Be8
34. Bg6 Bc6 35. Rg3 Bb5 36. Bb1 Be8 37. Bg6 Bb5 38. Bb1 Be8 39. R3g2 Nf5 40.
Bxf5 exf5 41. Re1 Bf7 42. Re5 Rc4 43. Kf3 a4 44. Re3 d4 45. Re5 Bh5+ 46. Kg3 g5
47. hxg5+ hxg5 48. Rd5 gxf4+ 49. Kxf4 d3+ 50. Ke3 Be2 51. Rf2 Re4+ 52. Kd2 f4
53. Rb5 f3 54. Rxb7 Rc4 55. Ke3 Rd4 56. Kd2 Rc4 57. Ke3 Rd4 58. Rb4 Rd5 59. Kd2
Rc5 60. Ke3 Rd5 1/2-1/2

[Event "ROM-ch"]
[Site "Predeal"]
[Date "1988.??.??"]
[Round "15"]
[White "Stoica, Valentin"]
[Black "Navrotescu , Catalin"]
[Result "1/2-1/2"]
[WhiteElo "2445"]
[BlackElo "2335"]
[PlyCount "120"]
[EventDate "1988.??.??"]
[EventType "tourn"]
[EventRounds "16"]
[EventCountry "ROM"]
[EventCategory "7"]
[Source "ChessBase"]
[SourceDate "1997.11.17"]

1. Nf3 Nf6 2. c4 e6 3. g3 b6 4. Bg2 Bb7 5. O-O Be7 6. Nc3 O-O 7. Re1 d5 8. cxd5
exd5 9. d4 Nbd7 10. Bf4 Re8 11. Nb5 Bb4 12. Nxc7 Bxe1 13. Qxe1 Nh5 14. Nxe8
Nxf4 15. gxf4 Qxe8 16. Rc1 Rc8 17. e3 Nf6 18. Bh3 Rxc1 19. Qxc1 Qd8 20. Nd2 g6
21. Qc2 Kg7 22. Nb1 Qd6 23. Nc3 Bc6 24. Qb3 h6 25. a3 Bd7 26. Bg2 Bc6 27. Qd1
Qd7 28. Qe2 Qf5 29. Bf3 Qh3 30. Qd1 h5 31. Bg2 Qf5 32. Qb1 Qg4 33. Qd1 Qf5 34.
Bf1 Qc8 35. Bd3 Bd7 36. f3 Qc7 37. Qe1 Be6 38. Qg3 Qd7 39. Qg5 Nh7 40. Qe5+ Kh6
41. Kf1 f6 42. Qb8 Bf5 43. Be2 Bc2 44. Ke1 Bb3 45. Kd2 Qh3 46. f5 Qxf5 47. e4
dxe4 48. fxe4 Qf2 49. Kd3 f5 50. Qg3 fxe4+ 51. Nxe4 Bc4+ 52. Kxc4 Qxe2+ 53. Kd5
Qb5+ 54. Kd6 Qxb2 55. Qf4+ g5 56. Qe5 Qxa3+ 57. Kc7 Qf8 58. d5 Qg7+ 59. Qxg7+
Kxg7 60. d6 g4 1/2-1/2

[Event "computer ch-Eu"]
[Site "?"]
[Date "1997.??.??"]
[Round "?"]
[White "Navrotescu , Catalin"]
[Black "Porche, Christian"]
[Result "1-0"]
[WhiteElo "2100"]
[BlackElo "1905"]
[PlyCount "57"]
[EventDate "1976.??.??"]

1. e4 c5 2. b4 cxb4 3. d4 d5 4. e5 Nc6 5. a3 Qb6 6. Be3 bxa3 7. c3 e6 8. Nxa3
Bxa3 9. Rxa3 Nge7 10. Bd3 Nf5 11. Bd2 Bd7 12. Nf3 Na5 13. O-O Bb5 14. Bxb5+
Qxb5 15. Qa1 b6 16. Rb1 Qd7 17. Bf4 O-O 18. Re1 Rfc8 19. g4 Ne7 20. h4 Ng6 21.
Bg3 Rc7 22. h5 Nf8 23. Qc1 Rac8 24. Bh4 Nc6 25. Bf6 Ng6 26. hxg6 gxf6 27. gxh7+
Kxh7 28. Kh2 Kg7 29. exf6+ 1-0